ბათუმის შოთა რუსთაველის სახელმწიფო უნივერსიტეტის ბიბლიოთეკა

ლათინური ენის სტილისტიკა (ბიბ.ჩანაწერი № 51149)

000 -LEADER
fixed length control field 01241nam a2200253Ia 4500
001 - CONTROL NUMBER
control field 18107
003 - CONTROL NUMBER IDENTIFIER
control field GE_BSU
008 - FIXED-LENGTH DATA ELEMENTS--GENERAL INFORMATION
fixed length control field 181216s||||||||xx |||||||||||||| ||und||
020 ## - INTERNATIONAL STANDARD BOOK NUMBER
International Standard Book Number 99940-31-09-0
040 ## - CATALOGING SOURCE
Transcribing agency GE_BSU
080 ## - UNIVERSAL DECIMAL CLASSIFICATION NUMBER
Universal Decimal Classification number 811.124'38
100 ## - MAIN ENTRY--PERSONAL NAME
Personal name გაგუა, იამზე
245 ## - TITLE STATEMENT
Title ლათინური ენის სტილისტიკა
245 ## - TITLE STATEMENT
Statement of responsibility, etc. რედ.: მ. მჭედლიძე
250 ## - EDITION STATEMENT
Edition statement ივანე ჯავახიშვილის სახ. სახ-ფო უნ-ტი. კლასიკური ფილოლ. ბიზანტინისტ. და ნეოგრეცისტ. ინ-ტი. პროგრამა "ლოგოსი" პუბლ. და ღონისძიებები კლასიკ. ფილოლ., ბიზანტინისტ. და ნეოგრეცისტ. სფეროში
260 ## - PUBLICATION, DISTRIBUTION, ETC.
Place of publication, distribution, etc. თბილისი
260 ## - PUBLICATION, DISTRIBUTION, ETC.
Name of publisher, distributor, etc. ლოგოსი
260 ## - PUBLICATION, DISTRIBUTION, ETC.
Date of publication, distribution, etc. 2006
300 ## - PHYSICAL DESCRIPTION
Extent 137 გვ. ; 20 სმ.
520 ## - SUMMARY, ETC.
Summary, etc. ტექსტი ქართ. და ინგლ. ენ..
653 ## - INDEX TERM--UNCONTROLLED
Uncontrolled term ლათინური ენის სტილისტიკა
942 ## - ADDED ENTRY ELEMENTS (KOHA)
Koha item type წიგნი
ეგზემპლარები
Withdrawn status Lost status Damaged status Not for loan Date acquired Barcode Date last seen Price effective from Koha item type
        2018-12-17 46156 2018-12-17 2018-12-17 წიგნი